00425 2200157 4500001002100000008004100021035002000062245004100082100002200123260005300145020001800198084001400216082000800230650001600238990001300254INLIS000000000001051 ind  a0010-0120001051 aI Love You, UstadzcTohirin El-Ashry aEl-Ashry, Tobirin aYogyakarta :bImaji Angkringan Literature,c2007 a979-16536-0-2 a813 ELA i a813 aNovel Fiksi a11900565